000 01203nam a2200277Ia 4500
003 OSt
005 20221005104243.0
006 a|||||r|||| 00| 0
007 ta
008 221004b |||||||| |||| 00| 0 hin d
020 _a9788123016719 (pbk)
_cINR 190.00
024 _a42129
037 _b321, 11/03/2019, Eastern Book Linkers
_cTextual
040 _aCRL
_cCRL
_bhin
041 _2hin
_ahin
082 _aO152:gN, Q1
100 _aशर्मा, योगेन्द्र दत्त, संपा.
_9168028
245 0 _aआधुनिक हिन्दी साहित्य के कीर्ति - स्तंभ
246 _aĀdhunik hindī sāhitya ke kīrti - stanbha
260 _aदिल्ली
_bप्रकाशन विभाग सूचना और प्रसारण मंत्रालय भारत
_c2011
300 _a214पृ0
_ccm.
650 _a हिन्दी आलोचना
650 _aहिन्दी साहित्य
942 _hO152:gN, Q1
_cTEXL
_2cc
999 _c1012163
_d1012163